000 00429nam a22001697a 4500
005 20160616115038.0
008 160616b xxu||||| |||| 00| 0 eng d
020 _a0-500-01501-5
041 _aeng
082 _b7950
100 _aHuges, Richal and row Michael
_92084
245 _aThe Colouring bronzing and patination of metals
260 _bThanes Hudgen
_c1991
300 _a348
650 _aManagement
_9241
942 _cBK
999 _c2919
_d2918